LIBRARY ONLINE CATALOGUE

The Germans and Africa / (Record no. 13257)

MARC details
000 -LEADER
fixed length control field 00595nam a22002052 4500
001 - CONTROL NUMBER
control field 0000009735
005 - DATE AND TIME OF LATEST TRANSACTION
control field 20151217155843.0
008 - FIXED-LENGTH DATA ELEMENTS--GENERAL INFORMATION
fixed length control field 081125s xx 000 0 eng d
040 ## - CATALOGING SOURCE
Original cataloging agency KABU
Transcribing agency KABU
100 1# - MAIN ENTRY--PERSONAL NAME
Personal name Lewin, Evans.
-- 0000161498
245 14 - TITLE STATEMENT
Title The Germans and Africa /
Statement of responsibility, etc. Evans Lewis.
250 ## - EDITION STATEMENT
Edition statement Rev. ed.
260 ## - PUBLICATION, DISTRIBUTION, ETC. (IMPRINT)
Place of publication, distribution, etc. London :
Name of publisher, distributor, etc. Cassell,
Date of publication, distribution, etc. 1939.
300 ## - PHYSICAL DESCRIPTION
Extent 372 p.
651 #0 - SUBJECT ADDED ENTRY--GEOGRAPHIC NAME
Geographic name Africa
General subdivision Colonization.
-- 0000161452
651 #0 - SUBJECT ADDED ENTRY--GEOGRAPHIC NAME
Geographic name Germany
General subdivision Colonies
Geographic subdivision Africa.
-- 0000161499
852 1# - LOCATION
-- p400 KES
908 ## - PUT COMMAND PARAMETER (RLIN)
Put command parameter 081125
950 ## - LOCAL HOLDINGS (RLIN)
-- 1
Holdings
Withdrawn status Lost status Source of classification or shelving scheme Not for loan Home library Current library Date acquired Total Checkouts Full call number Barcode Date last seen Price effective from Koha item type
    Library of Congress Classification   Kabarak, Main Campus Kabarak, Main Campus 17/12/2015   DT34 .L49 1939 c. 1 15591 17/12/2015 17/12/2015 Africana Collection